000 00959nam a2200253Ia 4500
003 OSt
005 20221005112213.0
006 a|||||r|||| 00| 0
007 ta
008 221004b |||||||| |||| 00| 0 urd d
020 _a9788171435746 (hbk)
_c125
024 _a7716
037 _b679, 04/06/2013, H.K. Prakashan
_cTextual
040 _aCRL
_cCRL
_burd
041 _2urd
_aurd
082 _aO168,3N40,7:g, 153Q2
100 _aਮੀFਾ, ਪਰਮਜੀਤ ਸਿੰਘ, ਥਦ.
_9159513
245 0 _aਸੱਤ ਗਵਾਚੇ ਲੋਕ
_b ਪਾਠ ਤੇ ਵਿFਲੇFਣ
260 _aਅੰਮ੍ਰਿਤਸਰ
_bਰਵੀ ਸਾਹਿਤ ਪ੍ਰਕਾFਨ ਭਾਰਤ
_c2012
300 _a112ਪੰ
_ccm.
650 _aਉਰਦੂ ਸਾਹਿਤ
942 _hO168,3N40,7:g, 153Q2
_cTEXL
_2cc
999 _c1024181
_d1024181